[Event "Hvar Arsenal blitz op 2nd"]
[Site "Hvar"]
[Date "2023.10.19"]
[Round "6"]
[White "Dubokovic, Francesko"]
[Black "Petric, Roko"]
[Result "0-1"]
[WhiteElo "1878"]
[BlackElo "1519"]
[PlyCount "91"]
[EventDate "2023.10.19"]
[EventType "swiss (blitz)"]
[EventRounds "11"]
[EventCountry "CRO"]
[SourceTitle "Mega2024 Update 01"]
[Source "Chessbase"]
[SourceDate "2023.11.12"]
[SourceVersion "1"]
[SourceVersionDate "2023.11.12"]
[SourceQuality "1"]

1. e4 e5 2. Nf3 Nc6 3. Bc4 Bc5 4. 0-0 d6 5. h3 Nf6 6. d3 h6 7. c3 0-0 8. Re1 a6 9. a4 Qe7 10. d4 exd4 11. cxd4 Bb4 12. Nc3 Bxc3 13. bxc3 Re8 14. Bd3 Bd7 15. Ba3 Qd8 16. Qc2 Ne7 17. Qb3 b6 18. c4 Ng6 19. Bc1 c5 20. d5 Qc7 21. Qc3 Ne5 22. Nxe5 dxe5 23. Qd2 Re7 24. Qe3 Qd6 25. Qg3 Nh5 26. Qh4 Nf4 27. Bxf4 exf4 28. Qh5 Re5 29. Qf3 Rg5 30. Re2 Qe5 31. Raa2 Rb8 32. Bc2 b5 33. axb5 axb5 34. cxb5 Rxb5 35. Qd3 Rb6 36. Ba4 Bxa4 37. Rxa4 Rbg6 38. f3 Qb8 39. Rea2 Qb6 40. Kh2 Rg3 41. Ra6 Qb4 42. Rxg6 Rxg6 43. d6 Qe1 44. d7 Qg3+ 45. Kh1 Qe1+ 46. Kh2 0-1

[Event "Hvar Arsenal blitz op 2nd"]
[Site "Hvar"]
[Date "2023.10.19"]
[Round "5"]
[White "Sevelj, Berislav"]
[Black "Dubokovic, Francesko"]
[Result "1-0"]
[WhiteElo "1668"]
[BlackElo "1878"]
[PlyCount "109"]
[EventDate "2023.10.19"]
[EventType "swiss (blitz)"]
[EventRounds "11"]
[EventCountry "CRO"]
[SourceTitle "Mega2024 Update 01"]
[Source "Chessbase"]
[SourceDate "2023.11.12"]
[SourceVersion "1"]
[SourceVersionDate "2023.11.12"]
[SourceQuality "1"]

1. e4 e6 2. Nf3 d5 3. exd5 exd5 4. d4 Bd6 5. Bd3 Ne7 6. 0-0 0-0 7. Bg5 h6 8. Bh4 Bg4 9. Nbd2 Qd7 10. c3 Nbc6 11. Rc1 Rfe8 12. Bb1 a6 13. Qb3 b5 14. Qc2 Bf5 15. Qd1 Bxb1 16. Rxb1 Nf5 17. Bg3 Bxg3 18. hxg3 Re7 19. Re1 Rae8 20. Rxe7 Rxe7 21. Kf1 a5 22. Qc2 Nd6 23. Qd3 Nd8 24. Ne5 Qe8 25. Re1 Nc4 26. Ndxc4 dxc4 27. Qf3 f6 28. Qd5+ Nf7 29. Nf3 Rxe1+ 30. Nxe1 c6 31. Qh5 Qe4 32. Qe2 Nd6 33. Qxe4 Nxe4 34. Ke2 Kf7 35. Nf3 Ke6 36. Nd2 Nxd2 37. Kxd2 Kd5 38. Ke3 c5 39. dxc5 Kxc5 40. Ke4 g6 41. f4 b4 42. cxb4+ axb4 43. g4 c3 44. bxc3 bxc3 45. Kd3 Kb4 46. Kc2 Kc4 47. a4 h5 48. gxh5 gxh5 49. a5 Kb5 50. Kxc3 Kxa5 51. Kd4 Kb6 52. Kd5 Kc7 53. Ke6 Kd8 54. Kxf6 Ke8 55. Kg5 1-0

[Event "CRO-chT3 South"]
[Site "Dubrovnik"]
[Date "2013.10.26"]
[Round "7.3"]
[White "Dubokovic, Francesko"]
[Black "Bulic, Tonci"]
[Result "0-1"]
[WhiteElo "1834"]
[BlackElo "1600"]
[PlyCount "60"]
[EventDate "2013.04.27"]
[EventType "team-tourn"]
[EventRounds "7"]
[EventCountry "CRO"]
[SourceTitle "EXT 2014"]
[Source "ChessBase"]
[SourceDate "2013.11.20"]
[SourceVersion "1"]
[SourceVersionDate "2013.11.20"]
[SourceQuality "1"]
[WhiteTeam "Jelsa"]
[BlackTeam "Stobrec"]
[WhiteTeamCountry "CRO"]
[BlackTeamCountry "CRO"]

1. e4 c5 2. Nf3 g6 3. d4 cxd4 4. Nxd4 Nc6 5. Be3 Nf6 6. Nc3 Bg7 7. Be2 0-0 8. 0-0 d5 9. Nxc6 bxc6 10. e5 Nd7 11. f4 Nb6 12. a4 a5 13. g4 Nc4 14. Bxc4 dxc4 15. Qe2 f6 16. Qxc4+ Kh8 17. Rad1 Qc7 18. e6 Ba6 19. Nb5 Qc8 20. Qb3 cxb5 21. axb5 Rb8 22. f5 Bxb5 23. Rf4 Be2 24. Qd5 Bxd1 25. Qxd1 g5 26. Rd4 Rxb2 27. Rd2 Qb8 28. Qe2 Rb1+ 29. Kg2 a4 30. Bc5 a3 0-1